[Event "26th Zadar Open 2019"]
[Site "Zadar"]
[Date "2019.12.16"]
[Round "2"]
[White "Zelic, Mladen"]
[Black "Plenkovic, Zdenko"]
[Result "1/2-1/2"]
[WhiteElo "2254"]
[BlackElo "2355"]
[Annotator "ChessBase"]
[PlyCount "21"]
[EventDate "2019.??.??"]
[EventCountry "CRO"]
[SourceTitle "playchess.com"]
[Source "ChessBase"]
[SourceQuality "1"]
[TimeControl "40/5400+30:1800+30"]

1. e4 e5 2. Nf3 Nf6 3. d4 Nxe4 4. Bd3 d5 5. Nxe5 Nd7 6. Nxf7 Kxf7 7. Qh5+ Ke7 8. Qe2 Kf7 9. Qh5+ Ke7 10. Qe2 Kf7 11. Qd1 1/2-1/2

[Event "26th Zadar Open 2019"]
[Site "Zadar"]
[Date "2019.12.16"]
[Round "2"]
[White "Dev, Shah"]
[Black "Livaic, Leon"]
[Result "1-0"]
[WhiteElo "2242"]
[BlackElo "2505"]
[Annotator "ChessBase"]
[PlyCount "93"]
[EventDate "2019.??.??"]
[EventCountry "CRO"]
[SourceTitle "playchess.com"]
[Source "ChessBase"]
[SourceQuality "1"]
[TimeControl "40/5400+30:1800+30"]

1. d4 g6 2. c4 Bg7 3. Nc3 d6 4. e4 e5 5. Nge2 exd4 6. Nxd4 Nc6 7. Be3 Nge7 8. Qd2 O-O 9. O-O-O f5 10. f3 f4 11. Bf2 Ne5 12. Bh4 h6 13. Bxe7 Qxe7 14. Nd5 Qd7 15. Nxf4 Qf7 16. Nd5 c6 17. Ne3 a6 18. Kb1 b5 19. Rc1 Bd7 20. Be2 Rfd8 21. Rhf1 c5 22. Nb3 Be6 23. Qc2 bxc4 24. Nxc4 Nc6 25. Rcd1 Nb4 26. Qc1 d5 27. Nxc5 dxc4 28. Rxd8+ Rxd8 29. Nxe6 c3 30. Bc4 c2+ 31. Ka1 Rc8 32. Bb3 Kh8 33. Nxg7 Qxg7 34. Rf2 Kh7 35. Rd2 Qa7 36. Bxc2 Qc7 37. Kb1 Qf7 38. b3 a5 39. Qb2 Qa7 40. a3 Nc6 41. Qf6 Qc7 42. Qd6 Qg7 43. Qd7 Ne7 44. Rd6 Rf8 45. e5 Rf7 46. e6 Rf8 47. Ra6 1-0

[Event "26th Zadar Open 2019"]
[Site "Zadar"]
[Date "2019.12.16"]
[Round "2"]
[White "Mitev, Valentin"]
[Black "Hnydiuk, Aleksander"]
[Result "1/2-1/2"]
[WhiteElo "2233"]
[BlackElo "2423"]
[Annotator "ChessBase"]
[PlyCount "102"]
[EventDate "2019.??.??"]
[EventCountry "CRO"]
[SourceTitle "playchess.com"]
[Source "ChessBase"]
[SourceQuality "1"]
[TimeControl "40/5400+30:1800+30"]

1. d4 Nf6 2. c4 e6 3. Nc3 Bb4 4. e3 O-O 5. Bd3 d5 6. cxd5 exd5 7. Nge2 Re8 8. Bd2 c6 9. O-O Nbd7 10. Qc2 Nf8 11. Rae1 Ne6 12. Nc1 Bd7 13. Nb3 Bd6 14. e4 dxe4 15. Nxe4 Nxe4 16. Rxe4 Qf6 17. Rfe1 h6 18. Qc1 Nf4 19. Rxe8+ Rxe8 20. Rxe8+ Bxe8 21. Qe1 Kf8 22. Be4 b6 23. Bc3 Qe7 24. Nc1 Bd7 25. Bf3 Qxe1+ 26. Bxe1 Ke7 27. g3 Nh3+ 28. Kf1 Ng5 29. Bg2 Kd8 30. Bc3 f6 31. h4 Nf7 32. Nd3 Kc7 33. Nb4 a5 34. Nc2 Bf5 35. Ne3 Bd3+ 36. Ke1 Bb4 37. Kd2 Bb1 38. a3 Bf8 39. Nc4 Ba2 40. Bf1 Nd6 41. Nxd6 Bxd6 42. Bd3 Bd5 43. Ke3 Kd7 44. Bf5+ Ke7 45. h5 Bf7 46. g4 Bb3 47. Be4 Bd5 48. Bf5 Bb3 49. Be4 Bd5 50. Bf5 Bb3 51. Be4 Bd5 1/2-1/2

[Event "26th Zadar Open 2019"]
[Site "Zadar"]
[Date "2019.12.16"]
[Round "2"]
[White "Ly, Dominik"]
[Black "Antova, Gabriela"]
[Result "1/2-1/2"]
[WhiteElo "2220"]
[BlackElo "2314"]
[Annotator "ChessBase"]
[PlyCount "56"]
[EventDate "2019.??.??"]
[EventCountry "CRO"]
[SourceTitle "playchess.com"]
[Source "ChessBase"]
[SourceQuality "1"]
[TimeControl "40/5400+30:1800+30"]

1. c4 e5 2. Nc3 Nf6 3. Nf3 Nc6 4. e3 Bb4 5. Qc2 d6 6. Nd5 Ba5 7. a3 Nxd5 8. cxd5 Ne7 9. Qa4+ c6 10. dxc6 bxc6 11. b4 Bb6 12. Bb2 O-O 13. Qc2 Kh8 14. d4 f6 15. Bd3 Qe8 16. dxe5 dxe5 17. h3 Be6 18. O-O c5 19. bxc5 Rc8 20. Rfc1 Rxc5 21. Qe2 Qd7 22. Rxc5 Bxc5 23. Rc1 Bb6 24. Bb5 Qd6 25. Rd1 Qc5 26. Rc1 Qd6 27. Rd1 Qc7 28. Rc1 Qd6 1/2-1/2

[Event "26th Zadar Open 2019"]
[Site "Zadar"]
[Date "2019.12.16"]
[Round "2"]
[White "Ghersinich, Enrico"]
[Black "Sai Agni Jeevitesh, J."]
[Result "1/2-1/2"]
[WhiteElo "2157"]
[BlackElo "2301"]
[Annotator "ChessBase"]
[PlyCount "119"]
[EventDate "2019.??.??"]
[EventCountry "CRO"]
[SourceTitle "playchess.com"]
[Source "ChessBase"]
[SourceQuality "1"]
[TimeControl "40/5400+30:1800+30"]

1. e4 d6 2. d4 Nf6 3. Nc3 Nbd7 4. f4 e5 5. Nf3 exd4 6. Qxd4 c6 7. Bd2 Qb6 8. O-O-O Be7 9. g3 O-O 10. Bg2 Re8 11. Rhe1 Qxd4 12. Nxd4 Nb6 13. Be3 Bg4 14. Nde2 Rad8 15. h3 Bxe2 16. Rxe2 Nfd7 17. b3 Bf6 18. Bd4 Bxd4 19. Rxd4 Nc5 20. Red2 Nc8 21. Rd1 f5 22. Kb2 fxe4 23. Nxe4 Nxe4 24. Bxe4 d5 25. c4 Nb6 26. Bh1 Re2+ 27. Ka3 Re3 28. cxd5 cxd5 29. Bxd5+ Rxd5 30. Rxd5 Nxd5 31. Rxd5 Rxg3 32. Rd8+ Kf7 33. Rd7+ Kf6 34. h4 Rh3 35. Rxb7 Rxh4 36. Rxa7 Rxf4 37. b4 Rf5 38. Ka4 h5 39. b5 Rf2 40. b6 Rb2 41. b7 h4 42. Ra6+ Kf7 43. Ra7 Ke6 44. b8=Q Rxb8 45. Rxg7 Kf5 46. Rh7 Kg4 47. a3 h3 48. Ka5 Kg3 49. a4 Rb3 50. Ka6 Rb4 51. Rxh3+ Kxh3 52. a5 Kg4 53. Ka7 Kf5 54. a6 Ke6 55. Ka8 Kd6 56. a7 Re4 57. Kb8 Re8+ 58. Kb7 Re7+ 59. Kb6 Rxa7 60. Kxa7 1/2-1/2

[Event "26th Zadar Open 2019"]
[Site "Zadar"]
[Date "2019.12.16"]
[Round "3.1"]
[White "Rudolf, Michal"]
[Black "Brkic, Ante"]
[Result "0-1"]
[WhiteElo "2328"]
[BlackElo "2576"]
[Annotator "ChessBase"]
[PlyCount "92"]
[EventDate "2019.12.15"]
[EventType "swiss"]
[EventCountry "CRO"]
[SourceTitle "playchess.com"]
[Source "ChessBase"]
[SourceQuality "1"]
[TimeControl "40/5400+30:1800+30"]

1. e4 {[%emt 0:00:30] } c5 {[%emt 0:00:30] } 2. Nf3 {[%emt 0:00:00] } d6 {[%emt 0:00:00]} 3. Bb5+ {[%emt 0:00:00]} Nd7 {[%emt 0:01:00]} 4. O-O {[%emt 0:00:00]} a6 {[%emt 0:02:30]} 5. Bd3 {[%emt 0:00:00]} Ngf6 {[%emt 0:00:00]} 6. Re1 {[%emt 0:00:30]} e6 {[%emt 0:03:00]} 7. a4 {[%emt 0:00:30]} b6 {[%emt 0:00:30]} 8. c3 {[%emt 0:00:30]} Bb7 {[%emt 0:00:30]} 9. Na3 {[%emt 0:00:30]} Qc7 {[%emt 0:00:30]} 10. Qe2 {[%emt 0:05:30]} Be7 {[%emt 0:00:30]} 11. Bc2 {[%emt 0:09:30]} Rc8 {[%emt 0:00:30]} 12. d3 {[%emt 0:03:30]} O-O {[%emt 0:00:30]} 13. Bf4 {[%emt 0:02:30]} Rfe8 {[%emt 0:02:30]} 14. h3 {[%emt 0:01:30]} Bf8 {[%emt 0:17:30]} 15. Bh2 {[%emt 0:02:30]} e5 {[%emt 0:04:30]} 16. Bb3 {[%emt 0:09:30]} h6 {[%emt 0:09:30]} 17. Nc4 {[%emt 0:03:30]} b5 {[%emt 0:01:30]} 18. axb5 {[%emt 0:01:30]} axb5 {[%emt 0:00:30]} 19. Ne3 {[%emt 0:00:00]} c4 {[%emt 0:14:30]} 20. dxc4 {[%emt 0:01:00]} Nc5 {[%emt 0:00:30]} 21. Bc2 {[%emt 0:01:30]} bxc4 {[%emt 0:00:00]} 22. Qxc4 {[%emt 0:01:30]} Ncxe4 {[%emt 0:02:00]} 23. Qxc7 {[%emt 0:02:30]} Rxc7 {[%emt 0:00:30]} 24. Ra7 {[%emt 0:00:30]} Ra8 {[%emt 0:10:30]} 25. Rea1 {[%emt 0:01:30]} Rcc8 {[%emt 0:00:00]} 26. Rxa8 {[%emt 0:05:30]} Bxa8 {[%emt 0:05:00]} 27. Ra7 {[%emt 0:04:30]} Rb8 {[%emt 0:01:30]} 28. Kf1 {[%emt 0:03:30]} Bc6 {[%emt 0:03:30]} 29. Rc7 {[%emt 0:00:30]} Be8 {[%emt 0:05:02]} 30. b4 {[%emt 0:02:30] 8} Ra8 {[%emt 0:00:21]} 31. Ke2 {[%emt 0:07:30] 3} Ra3 {[%emt 0:05:18]} 32. c4 {[%emt 0:03:30] ]} Nc3+ {[%emt 0:00:24]} 33. Kd2 {[%emt 0:06:30] 5} Nfe4+ {[%emt 0:00:20]} 34. Kc1 {[%emt 0:00:30] 5} Ra1+ {[%emt 0:01:19]} 35. Kb2 {[%emt 0:00:00] 6} Ra2+ {[%emt 0:00:12]} 36. Kc1 {[%emt 0:00:00] 3} Ra1+ {[%emt 0:02:44]} 37. Kb2 {[%emt 0:00:00] ]} Ra2+ {[%emt 0:00:11]} 38. Kc1 {[%emt 0:00:00] 9} Nxf2 {[%emt 0:03:18]} 39. Nd2 {[%emt 0:05:54] 5} Ba4 {[%emt 0:01:04]} 40. Bf5 {[%emt 0:00:13]} Ne2+ {[%emt 0:00:50]} 41. Kb1 {[%emt 0:30:05]} Nc3+ {[%emt 0:31:41]} 42. Kc1 {[%emt 0:00:00]} e4 {[%emt 0:00:00]} 43. Bxe4 {[%emt 0:00:00]} Ne2+ {[%emt 0:00:00]} 44. Kb1 {[%emt 0:00:00]} Rxd2 {[%emt 0:00:00]} 45. Bd5 {[%emt 0:00:00]} Nc3+ {[%emt 0:00:00]} 46. Kc1 {[%emt 0:00:00]} Re2 {[%emt 0:00:00]} 0-1

[Event "26th Zadar Open 2019"]
[Site "Zadar"]
[Date "2019.12.16"]
[Round "3.2"]
[White "Moksh Amit Doshi"]
[Black "Dev, Shah"]
[Result "0-1"]
[WhiteElo "2399"]
[BlackElo "2242"]
[Annotator "NA"]
[PlyCount "132"]
[EventDate "2019.12.15"]
[EventType "swiss"]
[EventCountry "CRO"]
[SourceTitle "playchess.com"]
[Source "ChessBase"]
[SourceQuality "1"]
[TimeControl "40/5400+30:1800+30"]

1. d4 {[%emt 0:04:30] 5} d5 {[%emt 0:01:30] 5} 2. c4 {[%emt 0:00:00] 5} c6 {[%emt 0:00:00]} 3. Nf3 {[%emt 0:00:00]} Nf6 {[%emt 0:00:00]} 4. Nc3 {[%emt 0:00:00]} e6 {[%emt 0:00:30]} 5. Bg5 {[%emt 0:00:00]} Nbd7 {[%emt 0:00:00]} 6. e3 {[%emt 0:00:30]} Qa5 {[%emt 0:00:00]} 7. cxd5 {[%emt 0:00:00]} Nxd5 {[%emt 0:00:30]} 8. Rc1 {[%emt 0:00:00]} Bb4 {[%emt 0:00:30]} 9. a3 {[%emt 0:00:00]} Bxc3+ {[%emt 0:03:30]} 10. bxc3 {[%emt 0:00:00]} b6 {[%emt 0:04:30]} 11. Bd3 {[%emt 0:05:30]} h6 {[%emt 0:08:30]} 12. Bh4 {[%emt 0:00:30]} Nxc3 {[%emt 0:00:30]} 13. Qd2 {[%emt 0:00:30]} Nd5 {[%emt 0:00:00]} 14. Qxa5 {[%emt 0:00:30]} bxa5 {[%emt 0:06:00]} 15. Rxc6 {[%emt 0:04:30]} Bb7 {[%emt 0:00:30]} 16. Rc2 {[%emt 0:00:30]} O-O {[%emt 0:00:30]} 17. Kd2 {[%emt 0:00:30]} Rfc8 {[%emt 0:01:30]} 18. Rxc8+ {[%emt 0:04:30]} Rxc8 {[%emt 0:00:30]} 19. Rb1 {[%emt 0:00:30]} N5b6 {[%emt 0:02:30]} 20. Rb5 {[%emt 0:03:30]} a4 {[%emt 0:04:30]} 21. Ne1 {[%emt 0:05:30]} Ba6 {[%emt 0:05:30]} 22. Ra5 {[%emt 0:00:00]} Bxd3 {[%emt 0:00:00]} 23. Kxd3 {[%emt 0:00:00]} Rc1 {[%emt 0:01:00]} 24. Nc2 {[%emt 0:01:30]} Rd1+ {[%emt 0:01:30]} 25. Ke2 {[%emt 0:02:30]} Rc1 {[%emt 0:13:30]} 26. Kd2 {[%emt 0:02:30]} Rb1 {[%emt 0:00:30]} 27. Rxa7 {[%emt 0:03:30]} Nc4+ {[%emt 0:00:30]} 28. Kd3 {[%emt 0:02:30]} Ndb6 {[%emt 0:00:30]} 29. Be7 {[%emt 0:11:30]} Rd1+ {[%emt 0:07:30]} 30. Kc3 {[%emt 0:03:30]} Nd2 {[%emt 0:06:30]} 31. Bc5 {[%emt 0:08:30]} Ne4+ {[%emt 0:16:46]} 32. Kb4 {[%emt 0:00:30] ]} Rb1+ {[%emt 0:00:13]} 33. Ka5 {[%emt 0:00:30] 1} Nc4+ {[%emt 0:00:15]} 34. Ka6 {[%emt 0:00:00] 6} Rb2 {[%emt 0:01:26]} 35. Nb4 {[%emt 0:03:00] 0} Nxa3 {[%emt 0:02:17]} 36. Nd3 {[%emt 0:01:30] 3} Rb3 {[%emt 0:00:30]} 37. Ne5 {[%emt 0:01:30] ]} Nb5 {[%emt 0:01:00]} 38. Ra8+ {[%emt 0:07:30] 3} Kh7 {[%emt 0:00:09]} 39. Kb6 {[%emt 0:00:30] 2} Nxd4+ {[%emt 0:07:09]} 40. Kc7 {[%emt 0:00:30] ]} Nb5+ {[%emt 0:03:08]} 41. Kc6 {[%emt 0:30:30] 7} a3 42. Nd7 h5 43. f3 Nec3 44. e4 a2 45. Be3 Ra3 46. Nf8+ Kg8 47. Rb8 g6 48. Nd7+ Kg7 49. Bg5 Ra6+ 50. Kc5 e5 51. Nf6 Rxf6 52. Bxf6+ Kxf6 53. Ra8 Nd4 54. Kc4 Nc2 55. Kxc3 a1=Q+ 56. Rxa1 Nxa1 57. Kb2 Kg5 58. g3 h4 59. Kxa1 hxg3 60. hxg3 f5 61. exf5 gxf5 62. Kb2 f4 63. gxf4+ Kxf4 64. Kc2 Kxf3 65. Kd2 e4 66. Ke1 Ke3 0-1

[Event "26th Zadar Open 2019"]
[Site "Zadar"]
[Date "2019.12.16"]
[Round "3.3"]
[White "Kozul, Zdenko"]
[Black "Manush Shah"]
[Result "1-0"]
[WhiteElo "2590"]
[BlackElo "2341"]
[Annotator "ChessBase"]
[PlyCount "75"]
[EventDate "2019.12.15"]
[EventType "swiss"]
[EventCountry "CRO"]
[SourceTitle "playchess.com"]
[Source "ChessBase"]
[SourceQuality "1"]
[TimeControl "40/5400+30:1800+30"]

1. Nf3 {[%emt 0:00:30] 7} d5 {[%emt 0:03:30] 7} 2. g3 {[%emt 0:00:30] 7} c6 {[%emt 0:00:30]} 3. Bg2 {[%emt 0:00:00]} Bg4 {[%emt 0:00:00]} 4. O-O {[%emt 0:01:00]} Nd7 {[%emt 0:00:00]} 5. d3 {[%emt 0:00:30]} Ngf6 {[%emt 0:00:30]} 6. Nbd2 {[%emt 0:01:30]} e6 {[%emt 0:00:30]} 7. h3 {[%emt 0:02:30]} Bh5 {[%emt 0:00:30]} 8. Qe1 {[%emt 0:05:30]} Bc5 {[%emt 0:01:30]} 9. e4 {[%emt 0:00:30]} dxe4 {[%emt 0:03:30]} 10. dxe4 {[%emt 0:00:30]} e5 {[%emt 0:01:30]} 11. Nc4 {[%emt 0:02:30]} Bxf3 {[%emt 0:06:30]} 12. Bxf3 {[%emt 0:00:30]} Qe7 {[%emt 0:03:30]} 13. Kg2 {[%emt 0:04:30]} O-O {[%emt 0:01:30]} 14. a4 {[%emt 0:00:30]} Rfe8 {[%emt 0:03:30]} 15. Bd2 {[%emt 0:05:30]} Qe6 {[%emt 0:10:30]} 16. Qe2 {[%emt 0:02:30]} Nb6 {[%emt 0:04:30]} 17. Na5 {[%emt 0:01:30]} Qe7 {[%emt 0:03:30]} 18. Nb3 {[%emt 0:06:30]} Bd6 {[%emt 0:01:30]} 19. a5 {[%emt 0:04:30]} Nbd7 {[%emt 0:00:30]} 20. Qc4 {[%emt 0:00:30]} Nc5 {[%emt 0:11:30]} 21. Nxc5 {[%emt 0:05:30]} Bxc5 {[%emt 0:00:30]} 22. Rfd1 {[%emt 0:02:30]} a6 {[%emt 0:05:30]} 23. Bg5 {[%emt 0:04:30]} Rad8 {[%emt 0:03:30]} 24. Bxf6 {[%emt 0:09:30]} gxf6 {[%emt 0:00:30]} 25. Bg4 {[%emt 0:00:00]} Ba7 {[%emt 0:02:30]} 26. c3 {[%emt 0:10:00]} Qc5 {[%emt 0:09:30]} 27. Qe2 {[%emt 0:01:30]} Qf8 {[%emt 0:08:20]} 28. Bd7 {[%emt 0:06:30] 0} Re7 {[%emt 0:00:20]} 29. Rd2 {[%emt 0:00:30] 0} Qg7 {[%emt 0:07:30]} 30. Rad1 {[%emt 0:00:30] 0} Rf8 {[%emt 0:00:54]} 31. Bf5 {[%emt 0:00:30] 5} Rfe8 {[%emt 0:00:50]} 32. Rd7 {[%emt 0:04:08]} Qf8 {[%emt 0:02:30]} 33. Qg4+ {[%emt 0:00:47]} Kh8 {[%emt 0:00:02]} 34. Qh4 {[%emt 0:18:20]} h6 {[%emt 0:00:53]} 35. R7d6 {[%emt 0:00:00]} Re6 {[%emt 0:00:13]} 36. Bxe6 {[%emt 0:00:00]} fxe6 {[%emt 0:00:25]} 37. Rd7 {[%emt 0:00:00]} Rb8 {[%emt 0:00:30]} 38. Qh5 {[%emt 0:00:00]} 1-0

[Event "26th Zadar Open 2019"]
[Site "Zadar"]
[Date "2019.12.16"]
[Round "3.4"]
[White "Yeoh, Li Tian"]
[Black "Lye, Lik Zang"]
[Result "1-0"]
[WhiteElo "2530"]
[BlackElo "2379"]
[Annotator "ChessBase"]
[PlyCount "77"]
[EventDate "2019.12.15"]
[EventType "swiss"]
[EventCountry "CRO"]
[SourceTitle "playchess.com"]
[Source "ChessBase"]
[SourceQuality "1"]
[TimeControl "40/5400+30:1800+30"]

1. e4 {[%emt 0:00:30] 6} c5 {[%emt 0:00:30] 6} 2. Nf3 {[%emt 0:00:00] 6} d6 {[%emt 0:00:00]} 3. g3 {[%emt 0:00:00]} Nf6 {[%emt 0:03:00]} 4. d3 {[%emt 0:00:30]} g6 {[%emt 0:01:30]} 5. Bg2 {[%emt 0:00:00]} Bg7 {[%emt 0:00:00]} 6. O-O {[%emt 0:00:00]} O-O {[%emt 0:00:00]} 7. Re1 {[%emt 0:00:30]} Nc6 {[%emt 0:00:30]} 8. c3 {[%emt 0:00:30]} e5 {[%emt 0:07:30]} 9. a3 {[%emt 0:00:30]} d5 {[%emt 0:03:30]} 10. Nbd2 {[%emt 0:00:30]} b6 {[%emt 0:16:30]} 11. b4 {[%emt 0:05:30]} dxe4 {[%emt 0:05:30]} 12. dxe4 {[%emt 0:00:30]} cxb4 {[%emt 0:06:30]} 13. axb4 {[%emt 0:10:30]} Qc7 {[%emt 0:01:30]} 14. Qe2 {[%emt 0:10:30]} Ne8 {[%emt 0:07:30]} 15. Nc4 {[%emt 0:05:30]} Ne7 {[%emt 0:05:30]} 16. Be3 {[%emt 0:05:30]} Bb7 {[%emt 0:01:30]} 17. Nfd2 {[%emt 0:01:30]} f5 {[%emt 0:17:30]} 18. f4 {[%emt 0:12:30]} exf4 {[%emt 0:05:15]} 19. Bxf4 {[%emt 0:00:00] 1} Qc8 {[%emt 0:03:10]} 20. Ra3 {[%emt 0:10:00] ]} fxe4 {[%emt 0:04:36]} 21. Nxe4 {[%emt 0:00:30] 9} Nf5 {[%emt 0:01:13]} 22. Rea1 {[%emt 0:00:30] 6} b5 {[%emt 0:05:05]} 23. Na5 {[%emt 0:02:30] 1} Bd5 {[%emt 0:00:39]} 24. Qxb5 {[%emt 0:01:30] 0} Bf7 {[%emt 0:02:49]} 25. Ng5 {[%emt 0:04:30] ]} Bxc3 {[%emt 0:00:21]} 26. Rc1 {[%emt 0:00:30] 2} Bd4+ {[%emt 0:00:45]} 27. Kh1 {[%emt 0:00:30] 3} Qd8 {[%emt 0:01:07]} 28. Nc6 {[%emt 0:12:47]} Qf6 {[%emt 0:00:07]} 29. Nxd4 {[%emt 0:00:30]} Nxd4 {[%emt 0:00:30]} 30. Qe5 {[%emt 0:00:30]} Rd8 {[%emt 0:00:30]} 31. Rxa7 {[%emt 0:00:30]} Qxe5 {[%emt 0:00:30]} 32. Bxe5 {[%emt 0:00:30]} Ne2 {[%emt 0:00:30]} 33. Re1 {[%emt 0:00:30]} Bc4 {[%emt 0:00:30]} 34. Rxh7 {[%emt 0:00:30]} Nf6 {[%emt 0:00:30]} 35. Rc7 {[%emt 0:00:30]} Rde8 {[%emt 0:00:30]} 36. Rxe2 {[%emt 0:00:30]} Bxe2 {[%emt 0:00:30]} 37. Bxf6 {[%emt 0:00:30]} Rxf6 {[%emt 0:00:30]} 38. Bd5+ {[%emt 0:00:30]} Ree6 {[%emt 0:00:30]} 39. Bxe6+ {[%emt 0:00:30]} 1-0

[Event "26th Zadar Open 2019"]
[Site "Zadar"]
[Date "2019.12.16"]
[Round "3.5"]
[White "Chan, Kim Yew"]
[Black "Stany, G.A."]
[Result "0-1"]
[WhiteElo "2245"]
[BlackElo "2526"]
[Annotator "ChessBase"]
[PlyCount "100"]
[EventDate "2019.12.15"]
[EventType "swiss"]
[EventCountry "CRO"]
[SourceTitle "playchess.com"]
[Source "ChessBase"]
[SourceQuality "1"]
[TimeControl "40/5400+30:1800+30"]

1. Nf3 {[%emt 0:00:30] 9} d5 {[%emt 0:00:30] 9} 2. g3 {[%emt 0:00:00] 9} Nf6 {[%emt 0:00:00]} 3. Bg2 {[%emt 0:00:00]} g6 {[%emt 0:00:00]} 4. c4 {[%emt 0:00:30]} Bg7 {[%emt 0:00:30]} 5. cxd5 {[%emt 0:00:30]} Nxd5 {[%emt 0:00:30]} 6. O-O {[%emt 0:00:30]} Nb6 {[%emt 0:00:00]} 7. Nc3 {[%emt 0:02:30]} Nc6 {[%emt 0:00:00]} 8. d3 {[%emt 0:00:30]} O-O {[%emt 0:00:30]} 9. Be3 {[%emt 0:01:30]} e5 {[%emt 0:00:00]} 10. Qd2 {[%emt 0:04:30]} Re8 {[%emt 0:01:00]} 11. Rac1 {[%emt 0:03:30]} Nd4 {[%emt 0:05:30]} 12. Rfe1 {[%emt 0:05:30]} Bg4 {[%emt 0:05:30]} 13. Bxd4 {[%emt 0:03:30]} exd4 {[%emt 0:00:00]} 14. Ne4 {[%emt 0:00:30]} Nd5 {[%emt 0:08:00]} 15. Qg5 {[%emt 0:12:30]} Qxg5 {[%emt 0:01:30]} 16. Nfxg5 {[%emt 0:02:30]} Rad8 {[%emt 0:00:30]} 17. Nc5 {[%emt 0:23:30]} b6 {[%emt 0:21:30]} 18. Na6 {[%emt 0:15:30]} Rxe2 {[%emt 0:13:30]} 19. h3 {[%emt 0:11:49]} Rxe1+ {[%emt 0:00:30] 1} 20. Rxe1 {[%emt 0:00:34]} Bf5 {[%emt 0:00:30] 3} 21. Bxd5 {[%emt 0:03:20]} Rxd5 {[%emt 0:00:30] ]} 22. Re8+ {[%emt 0:03:08]} Bf8 {[%emt 0:00:00] 9} 23. Nxh7 {[%emt 0:02:18]} Kxh7 {[%emt 0:00:00] 2} 24. Rxf8 {[%emt 0:00:01]} Kg7 {[%emt 0:04:30] ]} 25. Ra8 {[%emt 0:00:01]} c5 {[%emt 0:03:30] 9} 26. Nc7 {[%emt 0:01:08]} Re5 {[%emt 0:11:30] 1} 27. f4 {[%emt 0:00:29]} Re2 {[%emt 0:07:57]} 28. Ne8+ {[%emt 0:00:06]} Kh6 {[%emt 0:00:00]} 29. g4 {[%emt 0:01:06]} Bxd3 {[%emt 0:16:22]} 30. Nf6 {[%emt 0:01:35]} g5 {[%emt 0:00:00]} 31. f5 {[%emt 0:00:30]} c4 {[%emt 0:00:00]} 32. Rg8 {[%emt 0:00:57]} Re3 {[%emt 0:00:00]} 33. h4 {[%emt 0:00:34]} Rg3+ {[%emt 0:00:00]} 34. Kf2 {[%emt 0:00:48]} gxh4 {[%emt 0:00:00]} 35. g5+ {[%emt 0:00:23]} Rxg5 {[%emt 0:00:00]} 36. Ng4+ {[%emt 0:00:06]} Rxg4 {[%emt 0:00:00]} 37. Rxg4 {[%emt 0:00:01]} c3 {[%emt 0:00:00]} 38. bxc3 {[%emt 0:00:49]} dxc3 {[%emt 0:00:00]} 39. Ke3 {[%emt 0:00:36]} Kh5 {[%emt 0:00:00]} 40. Rg7 {[%emt 0:00:21]} c2 {[%emt 0:01:25]} 41. Kd2 {[%emt 0:30:52]} f6 {[%emt 0:01:46]} 42. Rxa7 {[%emt 0:00:00]} Bxf5 {[%emt 0:00:00]} 43. Rf7 {[%emt 0:00:00]} Kg5 {[%emt 0:00:00]} 44. Rg7+ {[%emt 0:00:00]} Bg6 {[%emt 0:00:30]} 45. Rg8 {[%emt 0:00:00]} h3 {[%emt 0:00:30]} 46. Rh8 {[%emt 0:00:00]} Bf5 {[%emt 0:00:30]} 47. a4 {[%emt 0:00:00]} Kf4 {[%emt 0:00:00]} 48. Rh6 {[%emt 0:00:00]} Kg3 {[%emt 0:00:00]} 49. Rxf6 {[%emt 0:00:00]} h2 {[%emt 0:00:30]} 50. Rh6 {[%emt 0:00:00]} Kg2 {[%emt 0:01:30]} 0-1

[Event "26th Zadar Open 2019"]
[Site "Zadar"]
[Date "2019.12.16"]
[Round "3.6"]
[White "Hnydiuk, Aleksander"]
[Black "Bratovic, Blaz"]
[Result "1/2-1/2"]
[WhiteElo "2423"]
[BlackElo "2359"]
[Annotator "NA"]
[PlyCount "86"]
[EventDate "2019.12.15"]
[EventType "swiss"]
[EventCountry "CRO"]
[SourceTitle "playchess.com"]
[Source "ChessBase"]
[SourceQuality "1"]
[TimeControl "40/5400+30:1800+30"]

1. Nf3 {[%emt 0:05:30]} e6 {[%emt 0:01:30]} 2. c4 {[%emt 0:00:00]} f5 {[%emt 0:01:30]} 3. g3 {[%emt 0:00:00]} Nf6 {[%emt 0:00:00]} 4. Bg2 {[%emt 0:00:00]} d5 {[%emt 0:00:00]} 5. O-O {[%emt 0:00:00]} Bd6 {[%emt 0:00:00]} 6. Nc3 {[%emt 0:01:30]} O-O {[%emt 0:01:00]} 7. d3 {[%emt 0:00:30]} dxc4 {[%emt 0:08:30]} 8. dxc4 {[%emt 0:00:30]} Nc6 {[%emt 0:00:00]} 9. Nb5 {[%emt 0:14:30]} e5 {[%emt 0:01:00]} 10. Nxd6 {[%emt 0:01:30]} cxd6 {[%emt 0:00:30]} 11. b3 {[%emt 0:00:30]} Qe7 {[%emt 0:00:00]} 12. Ba3 {[%emt 0:02:30]} Rd8 {[%emt 0:00:00]} 13. Qd2 {[%emt 0:03:30]} Ne4 {[%emt 0:03:30]} 14. Qe3 {[%emt 0:02:30]} a5 {[%emt 0:07:30]} 15. Nd2 {[%emt 0:05:30]} Nc5 {[%emt 0:00:30]} 16. f4 {[%emt 0:16:30]} Nb4 {[%emt 0:11:30]} 17. Qc3 {[%emt 0:07:30]} Re8 {[%emt 0:04:30]} 18. Bb2 {[%emt 0:06:30]} exf4 {[%emt 0:01:30]} 19. gxf4 {[%emt 0:01:30]} Qe3+ {[%emt 0:02:30]} 20. Qxe3 {[%emt 0:00:00]} Rxe3 {[%emt 0:00:00]} 21. a3 {[%emt 0:12:11]} Nc6 {[%emt 0:03:00]} 22. Bd5+ {[%emt 0:05:33]} Kf8 {[%emt 0:01:30]} 23. Kf2 {[%emt 0:00:47]} Re7 {[%emt 0:00:30]} 24. b4 {[%emt 0:09:28]} axb4 {[%emt 0:01:30]} 25. Bxc6 {[%emt 0:00:30]} bxc6 {[%emt 0:00:30]} 26. axb4 {[%emt 0:00:06]} Rxa1 {[%emt 0:01:30]} 27. Rxa1 {[%emt 0:00:05]} Ne4+ {[%emt 0:08:30]} 28. Nxe4 {[%emt 0:00:02]} Rxe4 {[%emt 0:00:30]} 29. Ra8 {[%emt 0:00:20]} Re8 {[%emt 0:00:30]} 30. Ra7 {[%emt 0:01:28]} Re7 {[%emt 0:01:30]} 31. Ra8 {[%emt 0:00:23]} Re8 {[%emt 0:00:30]} 32. Ra7 {[%emt 0:02:34]} Re7 {[%emt 0:00:30]} 33. Rxe7 {[%emt 0:00:16]} Kxe7 {[%emt 0:00:00]} 34. Bxg7 {[%emt 0:00:05]} Ba6 {[%emt 0:00:00]} 35. c5 {[%emt 0:00:08]} dxc5 {[%emt 0:00:00]} 36. bxc5 {[%emt 0:00:02]} Bc4 {[%emt 0:00:00]} 37. Kf3 {[%emt 0:00:27]} Bd5+ {[%emt 0:00:30]} 38. Kg3 {[%emt 0:00:03]} Kf7 {[%emt 0:00:00]} 39. Bd4 {[%emt 0:00:16]} Kg6 {[%emt 0:00:00]} 40. Be5 {[%emt 0:00:18]} Be4 {[%emt 0:00:30]} 41. Bd4 {[%emt 0:30:10]} Bd5 {[%emt 0:29:30]} 42. Be5 {[%emt 0:00:05]} Be4 {[%emt 0:00:30]} 43. Bd4 {[%emt 0:00:00]} Bd5 {[%emt 0:01:30]} 1/2-1/2